00326nam a2200133Ia 450000500170000000800410001705000270005824500300008526000220011530000340013744000060017152100070017752600080018420140405095556.0140130s9999 xx 000 0 und d aPZ 8.3b.W4998Far 2001 cBateman, TeresaaFarm Flu bScholastic,c2001 a29 p. :bcol. ill. ; c27 cm. v1 aG2 c420